000 00678nam a22002177a 4500
003 UA-OsUOA
001 82255
007 ta
008 20120224b un ||||| |||| 00| 0 ukr d
100 _aРедько О.
090 _a657
_bР33
942 _cSA
040 _aUA-OsUOA
_bukr
_cUA-OsUOA
_dUA-OsUOA
245 _aКонцепція моделі регулювання аудиту в Україні
300 _aС.42-49
955 _a0
041 _aukr
080 _a657
773 0 _w82248
_tБухгалтерський облік і аудит
_dК.
_d2012
_g1
650 7 _a657 Бухгалтерія. Бухгалтерський облік. Рахівництво
_2UDC
999 _c368561
_d368561